000 00600nam a2200193Ia 4500
003 GCL
008 140319s9999 xx 000 0 ara d
040 _aGCL /
_cGCL
082 0 4 _a933
_bد ك
100 1 _aسهير الشايب (مترجم)
245 1 0 _aكيف خرج اليهود من مصر القديمة /
_cسهير الشايب (مترجم)
260 _a[S.N] :
_bفؤاد هاشم الكتبى ،
_c1991
300 _a109 ص
490 _aموسوعة وصف مصر
_v0
650 0 4 _aاليهود فى مصر
650 0 4 _aالتاريخ
650 0 4 _aاليهود
942 _2ddc
_cBK
999 _c52393
_d52393